|
|
|
|
| LEADER |
00000nab a2200000 a 4500 |
| 001 |
vtls008959272 |
| 003 |
SK-MaSNL |
| 005 |
20260304144657.0 |
| 008 |
250505c2006 xo qr|p|||||||000 b|slo |
| 015 |
|
|
|a SNBRB2007/03
|
| 035 |
|
|
|a (uuid)f28b3d6c-59e5-4d90-935c-2a11ae1ff9ea
|
| 035 |
|
|
|a urn:nbn:sk:snk-ab2a2t
|
| 035 |
|
|
|a (urnnbn)urn:nbn:sk:snk:ar-a020eg
|
| 038 |
|
|
|a SNKBUCL
|
| 040 |
|
|
|a SNKBUCL
|b slo
|c SNKBUCL
|e AACR2
|
| 041 |
0 |
|
|a slo
|
| 044 |
|
|
|a xo
|c SK
|
| 080 |
|
|
|a 34-051
|2 1997
|
| 080 |
|
|
|a 929 Suchoža, Jozef
|2 1997
|
| 100 |
1 |
|
|a Ovečková, Oľga,
|d 1939-
|4 aut
|9 118837
|
| 245 |
1 |
0 |
|a K významnému jubileuprofesora Jozefa Suchožu
|c Oľga Ovečková
|
| 600 |
1 |
7 |
|a Suchoža, Jozef,
|d 1931-2024
|2 snkbucl
|9 182090
|
| 773 |
0 |
|
|t Právny obzor
|g Roč. 89, č. 5 (2006), s. 470-471
|x 0032-6984
|
| 850 |
|
|
|a Slovenská národná knižnica
|
| 852 |
|
|
|a Slovenská národná knižnica
|
| 954 |
|
|
|a odborná, vedecká literatúra pôvodná (slovenská)
|2 lita
|
| 958 |
|
|
|a article27
|
| 958 |
|
|
|a SK
|
| 958 |
|
|
|a BX
|
| 958 |
|
|
|a OND
|
| 958 |
|
|
|a EUIPO
|
| 999 |
|
|
|c 2932550
|d 2934480
|